000 nam a22 7a 4500
999 _c10744
_d10744
008 180223b ||||| |||| 00| 0 eng d
100 _aVerma,S.
_96592
245 _aCCE Manual Mathematics-IX
260 _aNew Delhi
_bS. Chand
_c2012